Cat and dog at school / (Record no. 9318)

MARC details
000 -LEADER
fixed length control field 00905nam a22002657a 4500
001 - CONTROL NUMBER
control field 9318
003 - CONTROL NUMBER IDENTIFIER
control field FISKH
005 - DATE AND TIME OF LATEST TRANSACTION
control field 20251210115454.0
008 - FIXED-LENGTH DATA ELEMENTS--GENERAL INFORMATION
fixed length control field 251210b cb ||||| |||| 00| 0 eng d
020 ## - INTERNATIONAL STANDARD BOOK NUMBER
International Standard Book Number 9781574711394
040 ## - CATALOGING SOURCE
Original cataloging agency FISKH
Language of cataloging eng
Transcribing agency FISKH
Modifying agency FISKH
082 ## - DEWEY DECIMAL CLASSIFICATION NUMBER
Classification number 370
100 ## - MAIN ENTRY--PERSONAL NAME
Personal name Williams, Rozanne Lanczak
245 ## - TITLE STATEMENT
Title Cat and dog at school /
Statement of responsibility, etc. Written by Rozanne Lanczak Williams ; Illustrated by Gloria Jenkins
260 ## - PUBLICATION, DISTRIBUTION, ETC.
Place of publication, distribution, etc. Huntington Beach :
Name of publisher, distributor, etc. Creative Teaching Press,
Date of publication, distribution, etc. 2013.
300 ## - PHYSICAL DESCRIPTION
Extent 16 pages :
Other physical details color illustrations ;
Dimensions 16 x 23 cm
505 ## - FORMATTED CONTENTS NOTE
Formatted contents note C<br/>
520 ## - SUMMARY, ETC.
Summary, etc. Cat and dog go to school where the dog helps the cat learn to follow the rules and cooperate.
521 8# - TARGET AUDIENCE NOTE
Target audience note 100<br/>
Source Lexile estimate<br/>
521 8# - TARGET AUDIENCE NOTE
Target audience note C<br/>
Source Raz-Plus<br/>
650 ## - SUBJECT ADDED ENTRY--TOPICAL TERM
Topical term or geographic name entry element Cats and Dogs
Form subdivision Social skills
General subdivision Easy reader
700 ## - ADDED ENTRY--PERSONAL NAME
Personal name Jenkins, Gloria
Relator term illustrator
942 ## - ADDED ENTRY ELEMENTS (KOHA)
Source of classification or shelving scheme Dewey Decimal Classification
Koha item type Books
Suppress in OPAC No
Holdings
Withdrawn status Lost status Source of classification or shelving scheme Damaged status Not for loan Collection Home library Current library Shelving location Date acquired Total Checkouts Full call number Barcode Date last seen Copy number Price effective from Koha item type
    Dewey Decimal Classification     Juvenile Fiction Footprints International School Library Network Toul Tom Poung Campus Footprints International School Library Network Toul Tom Poung Campus TTP Primary Green Bookshelves 12/10/2025   WIl 370 FISTK02830 12/10/2025 1 12/10/2025 Books